书目信息 |
| 题名: |
校注十四经发挥
|
|
| 作者: | 滑伯仁 著 | |
| 分册: | ||
| 出版信息: | 上海 上海科学技术出版社 1958 |
|
| 页数: | 82页 | |
| 开本: | 20cm | |
| 丛书名: | ||
| 单 册: | ||
| 中图分类: | R224.1 | |
| 科图分类: | ||
| 主题词: | 中医医学基础 | |
| 电子资源: | ||
| ISBN: | ||
| 000 | 00587nam0 2200217 450 | |
| 001 | 0657651015 | |
| 005 | 20060704160512.96 | |
| 010 | @dCNY0.34 | |
| 100 | @a20060704d1958 km y0chiy0120 ea | |
| 101 | 0 | @achi |
| 102 | @aCN@b310000 | |
| 102 | @aCN@b310000 | |
| 200 | 1 | @a校注十四经发挥@Axiao zhu shi si jing fa hui@f(元)滑伯仁著@F(yuan)hua bo ren zhu |
| 205 | @a新1版 | |
| 210 | @a上海@c上海科学技术出版社@d1958 | |
| 215 | @a82页@d20cm | |
| 606 | 0 | @a中医医学基础 |
| 690 | @aR224.1@v3 | |
| 701 | 0 | @a滑伯仁@Ahua bo ren@4著 |
| 801 | 0 | @aCN@bPFT@c20060704 |
| 905 | @a10447@dR224.1@e136=2 | |
| 校注十四经发挥/(元)滑伯仁著.-新1版.-上海:上海科学技术出版社,1958 |
| 82页;20cm |
| ISBN :CNY0.34 |
| ● |
| 相关链接 |
|
|
|
|
正题名:校注十四经发挥
索取号:R224.1/136=2
 
预约/预借
| 序号 | 登录号 | 条形码 | 馆藏地/架位号 | 状态 | 备注 |
| 1 | 0421695 | 204216954 | 密集书库/ [索取号:R224.1/136=2] | 在馆 |